Οικονομική των μεταφορών
Αποθηκεύτηκε σε:
| Κύριος συγγραφέας: | |
|---|---|
| Μορφή: | Βιβλίο |
| Γλώσσα: | Greek |
| Δημοσίευση: |
Θεσσαλονίκη :
Εκδόσεις Γιαχούδη,
2004
|
| Θέματα: | |
| Ετικέτες: |
Προσθήκη ετικέτας
Δεν υπάρχουν, Καταχωρήστε ετικέτα πρώτοι!
|
MARC
| LEADER | 00000cam a2200000 i 4500 | ||
|---|---|---|---|
| 001 | 1/104371 | ||
| 008 | 090427s2004 gre d | ||
| 020 | |a 960-7425-39-1 | ||
| 035 | |l 10104391 | ||
| 040 | |a GR-MY-UA |b gre |e aacr | ||
| 041 | 0 | |a gre | |
| 082 | 0 | |a 380.5909495 |2 (22) | |
| 100 | 1 | |a Προφυλλίδης, Βασίλης. | |
| 245 | 1 | 0 | |a Οικονομική των μεταφορών / |c Β. Προφυλλίδης |
| 260 | |a Θεσσαλονίκη : |b Εκδόσεις Γιαχούδη, |c 2004 | ||
| 300 | |a 381 σ.; |b πιν., σχ.; |c 24 εκ. | ||
| 504 | |a Βιβλιογραφία: σ. [343]-358 | ||
| 650 | 0 | 0 | |a Transportation |z Greece. |
| 852 | |a INST |b SAMOS |e 20090427 |h 380.5909495 ΠΡΟ |p 005300028924 |q 005300028924 |t BK |y 0 | ||
| 901 | |a BIBL3-2009-1 | ||
| 909 | |a Σ |b 156069 | ||
| 970 | |a ΣΙΤΖΙΜΗ |b ΓΙΑΣΕΜΗ |z 2009/04/27 | ||